Normal view
MARC view
- AgroPrep
Entry Personal Name
001 - CONTROL NUMBER
- control field: 96334
003 - CONTROL NUMBER IDENTIFIER
- control field: NUST
005 - DATE AND TIME OF LATEST TRANSACTION
- control field: 20220802171433.0
008 - FIXED-LENGTH DATA ELEMENTS
- fixed length control field: 220802|| aca||aabn | a|a d
040 ## - CATALOGING SOURCE
- Original cataloging agency: NUST
- Transcribing agency: NUST
100 ## - HEADING--PERSONAL NAME
- Personal name: AgroPrep
670 ## - SOURCE DATA FOUND
- Source citation: Work cat.: (NUST): AgroPrep, 2019-20 GRE ArgoPrep, 2019
